00996nam a2200229 a 450000100060000000300090000600800410001502000180005604000280007408200160010210000280011824501010014626000240024730000100027165000470028165000490032865000680037794200120044599900170045795201530047495201390062723612CO-ViMGA141112s2004 ck r 000 u spa d a9789587049503 aCO-ViMGAbspacCO-ViMGA04a330.9 S744c1 aStiglitz, Joseph92880810aCaida libre : bEl libre mercado y el hundimiento de la Economía mundial / cJoseph Stiglitz aColombia : bTaurus a423p.14aCRISIS FINANCIERA - ESTADOS UNIDOS 93409414aESTADOS UNIDOS - Política ECONOMICA93409514aFINANZAS - PolíticaS GUBERNAMENTALES - ESTADOS UNIDOS 934096 2ddccBK c31729d31729 00102ddc40708002aMEVIECARbMEVIECARd2015-12-04h13/may/2011l6m1o330.9 S744c p24493r2022-12-15 00:00:00s2022-11-17tEj. 1w2015-12-04yBK 001040708001aMEVIGERRbMEVIGERRcGENd2012-07-03o338.522 S73cpECA21221r2024-11-26 10:09:54tEj.1w2024-11-26yBKz15850 | 20592